<?xml version="1.0" encoding="UTF-8"?>
<marc:record xmlns:marc="http://www.loc.gov/MARC21/slim">
   <marc:leader>00000nam a2200000 a 4500</marc:leader>
   <marc:datafield ind1="1" ind2=" " tag="100">
      <marc:subfield code="a">Brown, Jon</marc:subfield>
      <marc:subfield code="4">aut</marc:subfield>
      <marc:subfield code="e">Verfasser/-in</marc:subfield>
   </marc:datafield>
   <marc:datafield ind1="1" ind2=" " tag="100">
      <marc:subfield code="a">Blood, Nick</marc:subfield>
   </marc:datafield>
   <marc:datafield ind1="1" ind2=" " tag="100">
      <marc:subfield code="a">Walker, Nicola</marc:subfield>
   </marc:datafield>
   <marc:datafield ind1="1" ind2=" " tag="100">
      <marc:subfield code="a">Nesbitt, James</marc:subfield>
   </marc:datafield>
   <marc:datafield ind1="1" ind2=" " tag="100">
      <marc:subfield code="a">Kaluuya, Daniel</marc:subfield>
   </marc:datafield>
   <marc:datafield ind1="1" ind2=" " tag="100">
      <marc:subfield code="a">Joseph, Paterson</marc:subfield>
   </marc:datafield>
   <marc:datafield ind1="0" ind2="0" tag="245">
      <marc:subfield code="a">Babylon - Staffel 1 - Folge 2</marc:subfield>
   </marc:datafield>
   <marc:datafield ind1="0" ind2="0" tag="245">
      <marc:subfield code="c">Drehbuch: Jon Brown; Schauspieler: Paterson Joseph, Daniel Kaluuya, James Nesbitt, Nicola Walker, Nick Blood, Brit Marling, Stuart Martin, Jonny Sweet, Bertie Carvel; Regie: Jon S. Baird; Produktion: Dean O'Toole; Kamera: Balazs Bolygo</marc:subfield>
   </marc:datafield>
   <marc:datafield ind1=" " ind2="1" tag="264">
      <marc:subfield code="a">Potsdam</marc:subfield>
      <marc:subfield code="b">filmwerte GmbH</marc:subfield>
      <marc:subfield code="c">2022</marc:subfield>
   </marc:datafield>
   <marc:datafield ind1="1" ind2=" " tag="520">
      <marc:subfield code="a">Die Londoner PR-Chefin der Polizei, Liz Garvey präsentiert Polizeichef Miller ihre Vision von einem eigenen digitalen Nachrichten Netzwerk:  Metwork. Zunächst ist Miller davon begeistert, doch ihr PR-Vize und  Kontrahent Finn bekämpft es erfolgreich mit allen Mitteln. Die  Feindschaft zwischen Liz und Finn wächst. Aber das ist nicht das  Einzige, womit sich Liz herumschlagen muss. Der Sohn des Bürgermeisters  Grant Delgado wurde von Davina und Clarkey wegen Drogenbesitzes  verhaftet und anschließend auf ein Revier gebracht. Liz verhilft Delgado  das Gesicht in der Öffentlichkeit zu wahren und die Presse lobt sein  fürsorgliches Verhalten. Warwick ist sauer auf seinen Kollegen Tony, der über ihn mit dem gemeinsamen Vorgesetzten gesprochen hat. Warwick will  nicht als Weichei dastehen. Als sie zu dritt zwei Bankräuber stellen,  behält er einen kühlen Kopf und meistert die Situation zur Zufriedenheit  von Tony und Banjo. Doch danach bekommt er einen kleinen  Nervenzusammenbruch. Er ist immer noch nicht über seine Krise hinweg.</marc:subfield>
   </marc:datafield>
   <marc:datafield ind1=" " ind2=" " tag="041">
      <marc:subfield code="a">ger</marc:subfield>
   </marc:datafield>
   <marc:datafield ind1=" " ind2=" " tag="300">
      <marc:subfield code="a">1 Online-Ressource (44 min), Bild: 16:9 HD</marc:subfield>
   </marc:datafield>
</marc:record>
